La galerie espagnole de Louis-Philippe au Louvre, 1838-1848 / (Record no. 133569)

MARC details
000 -LEADER
campo de control de longitud fija 01176nam a2200289 i 4500
001 - NÚMERO DE CONTROL
campo de control 133569
003 - IDENTIFICADOR DE NÚMERO DE CONTROL
campo de control ES-MaACL
005 - FECHA Y HORA DE LA ÚLTIMA TRANSACCIÓN
campo de control 20250815134817.0
007 - CAMPO FIJO DE DESCRIPCIÓN FÍSICA--INFORMACIÓN GENERAL
campo de control de longitud fija t|
008 - DATOS DE LONGITUD FIJA--INFORMACIÓN GENERAL
campo de control de longitud fija 070821s1981 fr a |||| | fre d
020 ## - NÚMERO INTERNACIONAL ESTÁNDAR DEL LIBRO
Número Internacional Estándar del Libro 2-7118-0181
080 ## - NÚMERO DE LA CLASIFICACIÓN DECIMAL UNIVERSAL
Número de la Clasificación Decimal Universal 069.538:75.034.7/.8(443.61 P.)
245 03 - MENCIÓN DEL TÍTULO
Título La galerie espagnole de Louis-Philippe au Louvre, 1838-1848 /
Mención de responsabilidad, etc. par Jeannine Baticle et Cristina Marinas ; avec le concours de Claudie Ressort et Chantal Perrier.
260 ## - PUBLICACIÓN, DISTRIBUCIÓN, ETC.
Lugar de publicación, distribución, etc. Paris :
Nombre del editor, distribuidor, etc. Éditions de la Réunion des musées nationaux,
Fecha de publicación, distribución, etc. 1981.
300 ## - DESCRIPCIÓN FÍSICA
Extensión 308 p. :
Otras características físicas il. ;
Dimensiones 24 cm.
490 1# - MENCIÓN DE SERIE
Mención de serie Notes et documents des musées de France ;
Designación de volumen o secuencia 4
500 ## - NOTA GENERAL
Nota general Bibliografía: p. 303-308. Índices.
600 04 - PUNTO DE ACCESO ADICIONAL DE MATERIA--NOMBRE DE PERSONA
Nombre de persona Luis Felipe
Numeración I
Títulos y otros términos asociados al nombre Rey de Francia-
Subdivisión general Colecciones de arte.
9 (RLIN) 162000
650 #4 - PUNTO DE ACCESO ADICIONAL DE MATERIA--TÉRMINO DE MATERIA
Término de materia o nombre geográfico como elemento de entrada Pintura española-
Subdivisión geográfica Musée du Louvre
9 (RLIN) 16038
700 1# - ENTRADA AGREGADA--NOMBRE PERSONAL
Nombre de persona Baticle, Jeannine.
9 (RLIN) 26422
700 1# - ENTRADA AGREGADA--NOMBRE PERSONAL
Nombre de persona Marinas, Cristina.
9 (RLIN) 76829
700 1# - ENTRADA AGREGADA--NOMBRE PERSONAL
Nombre de persona Ressort, Claudie.
9 (RLIN) 96336
700 1# - ENTRADA AGREGADA--NOMBRE PERSONAL
Nombre de persona Perrier, Chantal.
9 (RLIN) 91350
830 0# - PUNTO DE ACCESO ADICIONAL DE SERIE-TÍTULO UNIFORME
Título uniforme Notes et documents des musées de France ;
Designación de volumen o secuencia 4
9 (RLIN) 219756
852 ## - LOCALIZACIÓN
Ubicación ES-MaACL
Número de control de estantería E-11990
Nota libre . - Biblioteca Jacinto Martínez Lacalle
Holdings
Estatus retirado Estado de pérdida Estado de daño No para préstamo Biblioteca de origen Biblioteca actual Ubicación en estantería Fecha de adquisición Fuente de adquisición Total de préstamos Signatura topográfica completa Código de barras Visto por última vez Precio de reemplazo Tipo de ítem Koha
        Biblioteca del Ateneo de Madrid Biblioteca del Ateneo de Madrid Depósito 2 17/01/2008     E-11990 1139048 23/02/2023 23/02/2023 Libro impreso